000 00490nam a2200169Ia 4500
008 090711s9999 xx 000 0 und d
082 _b1824
100 _aशिरवळकर सुहास
245 _aसंशय
260 _bदिलीपराज प्रकाशन
_c2000
300 _a148
600 _aशिरवळकर सुहास
630 _aसंशय
700 _aशिरवळकर सुहास
730 _aसंशय
942 _cBOOK
999 _c338862
_d338859